Doing business 2014 : understanding regulations for small and medium-size enterprises.
| Format: | Book |
|---|---|
| Published: |
Washington D.C:
The World Bank,
2014.
|
| Edition: | 11th ed.. |
| Subjects: |
| LEADER | 00490cam a2200157 7i4500 | ||
|---|---|---|---|
| 001 | 0000031682 | ||
| 005 | 20150416090000.0 | ||
| 020 | 0 | 0 | |a 9780821399842 |
| 090 | 0 | 0 | |a I 338.7 |b DOI |
| 245 | 0 | 0 | |a Doing business 2014 : |b understanding regulations for small and medium-size enterprises. |
| 250 | 0 | 0 | |a 11th ed.. |
| 260 | 0 | 0 | |a Washington D.C: |b The World Bank, |c 2014. |
| 300 | # | # | |a 306 pages. |
| 650 | 0 | 0 | |a Business |
| 650 | 0 | 0 | |a Doing Business |
| 999 | |a B000035123 |b Book |c International |e Business Information Centre | ||


